Top UK Supermarket 2020 - Statistics

General Stats
  • This quiz has been taken 94 times
  • The average score is 7 of 9
Answer Stats
# # of Stores in UK Answer % Correct
2 2714 Tesco
100%
5 906 Aldi
94%
6 842 Lidl
93%
7 634 Asda
83%
3 1421 Sainsbury's
82%
8 629 Morrisons
80%
1 3819 Co-op Food
74%
9 561 M&S Simple Food
50%
4 1178 Nisa
10%
No matching quizzes found
Score Distribution
Percent of People with Each Score
Percentile by Number Answered
Your Score History
You have not taken this quiz